00378nam a2200133Ia 4500008004100000082001400041100002200055245001400077260002000091600001200111942000700123952009700130999001700227241002s9999 xx 000 0 und d a928.1 SAR aSartre, Jean Paul 4aThe Words aNew York:c1966 aHistory cUC 00104070aUITUbUITUd1994-01-01l0o928.1 SARpUC507r2024-10-02 09:31:22w2024-10-02yUC c18834d18834